Statistics for Casts of Best Picture Oscar-winning movies of the 1960s

Click here to take the quiz!

General Stats

  • This quiz has been taken 312 times
    (297 since last reset)
  • The average score is 19 of 60

Answer Stats

RoleActor% Correct
MariaJulie Andrews
97%
T.E. LawrencePeter O'Toole
92%
Eliza DoolittleAudrey Hepburn
86%
Det. Virgil TibbsSidney Poitier
86%
Enrico "Ratso" RizzoDustin Hoffman
85%
Capt. Von TrappChristopher Plummer
84%
Prof. Henry HigginsRex Harrison
82%
Joe BuckJon Voight
81%
C.C. "Bud" BaxterJack Lemmon
80%
Maria NunezNatalie Wood
77%
The Mother AbbessPeggy Wood
73%
Fran KubelikShirley MacLaine
70%
Chief Bill GillespieRod Steiger
64%
AnitaRita Moreno
61%
Sherif AliOmar Sharif
59%
Sir Thomas MorePaul Scofield
53%
Tom JonesAlbert Finney
47%
Bernardo NunezGeorge Chakiris
38%
Prince FaisalAlec Guinness
34%
Bill SikesOliver Reed
33%
FaginRon Moody
33%
Jeff D. SheldrakeFred MacMurray
32%
Mrs. Leslie ColbertLee Grant
28%
The Baroness Elsa von SchraederEleanor Parker
27%
Riff LortonRuss Tamblyn
27%
Auda abu TayiAnthony Quinn
25%
King Henry VIIIRobert Shaw
24%
Tony WyzekRichard Beymer
22%
Mrs. HigginsGladys Cooper
20%
Oliver TwistMark Lester
18%
CassSylvia Miles
18%
Alice MoreWendy Hiller
18%
Miss WesternEdith Evans
17%
Alfred P. DoolittleStanley Holloway
17%
Thomas, Cardinal WolseyOrson Welles
16%
ShirleyBrenda Vaccaro
14%
Sgt. Sam WoodWarren Oates
13%
Mr. BumbleHarry Secombe
12%
Squire WesternHugh Griffith
12%
Gen. AllenbyJack Hawkins
12%
Col. Hugh PickeringWilfrid Hyde-White
12%
Dr. DreyfussJack Kruschen
11%
Sophie WesternSusannah York
11%
Joe DobischRay Walston
9%
NancyShani Wallis
9%
Mr. O'DanielJohn McGiver
6%
Eric EndicottLarry Gates
6%
Thomas CromwellLeo McKern
6%
Lady BellastonJoan Greenwood
4%
Max DetweilerRichard Hadyn
3%
1969, 42nd Academy Awards: Midnight Cowboyx
1%
1960, 33rd Academy Awards: The Apartmentx
1%
1968, 41st Academy Awards: Oliver!x
1%
1966, 39th Academy Awards: A Man for All Seasonsx
1%
1964, 37th Academy Awards: My Fair Ladyx
1%
1963, 36th Academy Awards: Tom Jonesx
1%
1962, 35th Academy Awards: Lawrence of Arabiax
1%
1961, 34th Academy Awards: West Side Storyx
1%
1965, 38th Academy Awards: The Sound of Musicx
1%
1967, 40th Academy Awards: In the Heat of the Nightxx
0%

Score Distribution

Percentile by Number Answered

Percent of People with Each Score

Your Score History

You have not taken this quiz since the last reset